000 00817cam a2200229 a 4500
001 000014615
003 DO-SdBNP
005 20231109105755.0
008 720424s1968 ve 000 0 spa
040 _aDO-SdBNP
_bspa
_cBNPHU
082 4 _a302.072
_bC148h
_222
100 1 _aCalello, Hugo.
_95395
245 1 0 _aHacia una sociología del subdesarrollo /
_cHugo Calello.
260 _a[Caracas, Venezuela] :
_bInstituto de Investigaciones Económicas y Sociales,
_c1968.
300 _a137 p. ;
_c22 cm.
490 0 _aEsquema
504 _aIncluye referencias bibliográficas y notas al pie de las páginas
651 4 _aAmérica Latina
_xCondiciones sociales
_y1945-1982.
_932909
651 4 _aAmérica Latina
_xCondiciones económicas
_y1945-
_933045
910 _aCatalogación por copia / LC
942 _2ddc
_cLBS1
999 _c14200
_d14200